LEADER 01298nam a2200289 i 4500 001 991001813969707536 008 060731s1985 be fre d 020 $a9068310240 035 $ab13431201-39ule_inst 040 $aDip.to Filologia Class. e Scienze Filosofiche$bita 041 0 $afreeng 082 $a291.2 245 03$aL' animal, l'homme, le dieu dans le Proche-Orient ancien :$bactes du Colloque de Cartigny 1981 /$cCentre d'étude du Proche-Orient ancien (CEPOA), Université de Genève 260 $aLeuven :$bÉditions Peeters,$c1985 300 $a171 p. :$bill. ;$c26 cm 490 0 $aLes cahiers du CEPOA ;$v2 500 $aTesti in francese e inglese 650 04$aAnimali$xIconografia$zMedio Oriente$xStoria$yAntichità 650 04$aDivinità zoomorfe$zMedio Oriente 651 4$aMedio Oriente$xStoria religiosa$xAntichità 710 04$aUniversité de Genève.$bCentre d'étude du Proche-Orient ancien 907 $a.b13431201$b02-04-14$c23-08-06 912 $a991001813969707536 945 $aLE007 290 ANI 01.01$g1$i2007000108505$lle007$nLE007 2006 Traina$op$pE36.00$q-$rl$s- $t0$u1$v0$w1$x0$y.i14280784$z23-08-06 996 $aAnimal, l'homme, le dieu dans le Proche-Orient ancien$91097597 997 $aUNISALENTO 998 $ale007$b23-08-06$cm$da $e-$ffre$gbe $h3$i0 LEADER 03030nam1 22006013i 450 001 LO10093896 005 20251003044207.0 100 $a19920714g1958 ||||0itac50 ba 101 | $aita$cita 102 $ait 181 1$6z01$ai $bxxxe 182 1$6z01$an 183 1$6z01$anc$2RDAcarrier 200 1 $aLineamenti di una storia del movimento operaio italiano$fGiulio Trevisani 210 $aMilano$aRoma$cAvanti! 215 $av.$d17 cm. 225 | $aBiblioteca socialista 312 $aTit. del dorso: Storia del movimento operaio italiano / Giulio Trevisani$9TO00723829 410 0$1001RAV0093750$12001 $aBiblioteca socialista 463 1$1001LO10093888$12001 $aˆ1: ‰Dalla rivoluzione industriale alla 1. Internazionale$fGiulio Trevisani$v1 463 1$1001LO10093903$12001 $aˆ2: ‰Dalla 1. Internazionale a fine secolo$fGiulio Trevisani$v2 463 1$1001LO11616740$12001 $aˆ1: ‰Dalla rivoluzione industriale alla Prima Internazionale$fGiulio Trevisani$v1 463 1$1001PUV0547555$12001 $aˆ3: ‰Dalla svolta liberale allo scioglimento della C.G.L.$fGiulio Trevisani$v3 500 10$aLineamenti di una storia del movimento operaio italiano.$3VIA0411593$9RAVV005110$9688503 517 1 $aStoria del movimento operaio italiano / Giulio Trevisani$9TO00723829 606 $aMovimento operaio$xItalia$xStoria$2FIR$3CFIC004276$9I 606 $aMovimento operaio$2FIR$3CFIC010998$9E 606 $aStoria$xItalia$2FIR$3LI3C000206$9I 620 $aIT$dMilano$3MUSL002184 676 $a331.8$9SINDACATI E CONTRATTAZIONE COLLETTIVA$v12 676 $a331.80945$9Sindacati e contrattazione collettiva. Italia$v20 676 $a331.80945$9SINDACATI, CONTRATTAZIONE E CONTROVERSIE COLLETTIVE. Italia$v21 676 $a331.80945$9SINDACATI E CONTRATTAZIONE COLLETTIVA. Italia$v23 686 $aIT/X42.5/PSI$cPARTITI E MOVIMENTI POLITICI ITALIA PARTITO SOCIALISTA ITALIANO$2R 686 $aMo.i.1.2$cMovimento operaio italiano. Opere di carattere storico-politico$2F 686 $aX14.0$cMOVIMENTO OPERAIO INTERNAZIONALE$2R 696 $aOpposizione operaia 696 $aOpposizione operaia 699 $aMovimento operaio$zOpposizione operaia 699 $aMovimento operaio$zOpposizione operaia 700 1$aTrevisani$b, Giulio$f <1890-1969>$3RAVV005110$4070$0169867 790 1$aDa Napoli$b, Giulio$3SBNV002956$zTrevisani, Giulio <1890-1969> 801 3$aIT$bIT-000000$c19920714 850 $aIT-BN0095 $aIT-NA0299 $aIT-NA0079 $aIT-NA0230 901 $bNAP BN$cF.ARCUNO $nIl Fondo è escluso dal servizio di prestito. La consegna dei documenti è effettuata dalle Sale di Consultazione 901 $bNAP 01$cDEMARCO $n$ 901 $bNAP AG$cF.AVOLIO $n$ 912 $aLO10093896 950 1$aBiblioteca Centralizzata di Ateneo$cv. 2$d 01DEMARCO MON. 148 967 $m4 977 $a 01$a AG$a BN$a IR 996 $aLineamenti di una storia del movimento operaio italiano$9688503 997 $aUNISANNIO